La imprenta y los primeros periódicos de Santo Domingo / (Registro nro. 8015)

Detalles MARC
000 -LIDER
fixed length control field 01691nam a2200313 a 4500
001 - NÚMERO DE CONTROL
Identificador de número de control 000000719
003 - IDENTIFICACDOR DE NÚMERO DE CONTROL
control field DO-SdBNP
005 - DATE AND TIME OF LATEST TRANSACTION
control field 20221115073746.0
008 - ELEMENTOS DE LONGITUD FIJA
fixed length control field 090429s1973 dr a 000 0 spa d
040 ## - FUENTE DE CATALOGACIÓN
Agencia que crea de manera original el registro BMPSU
Idioma de catalogación spa
Agencia que realiza la transcripción BPMSU
092 ## - LOCALLY ASSIGNED DEWEY DECIMAL CALL NUMBER
Número de clasificación 079.97293
Número de ítem (Cutter) R696i, 1973
Feature heading 22
100 1# - ASIENTO PRINCIPAL -- NOMBRE PERSONAL
Nombre personal Rodríguez Demorizi, Emilio,
Fechas asociadas con el nombre 1904-1986
245 13 - MENCIÓN DE TITULO
Título La imprenta y los primeros periódicos de Santo Domingo /
Mención de responsabilidad Emilio Rodríguez Demorizi ; presentación Anaiboni Guerrero Báez.
250 ## - MENCIÓN DE EDICION
Mención de edición 3a ed.
260 ## - PUBLICACIÓN, DISTRIBUCIÓN, ETC. (PIE DE IMPRENTA)
Lugar de publicación, distribución, etc Santo Domingo :
Nombre del editor, distribuidor, etc. Taller,
Fecha de publicación, distribución, etc 1973.
300 ## - DESCRIPCIÓN FÍSICA
Extensión 255 p. :
Otros detalles físicos il. ;
Dimensiones 21 cm.
490 0# - MENCIÓN DE SERIES
Mención de serie Biblioteca Nacional
Volume/sequential designation 1
500 ## - NOTA GENERAL
Nota general A la cabeza de la portada: Feria del Libro 1973.
500 ## - NOTA GENERAL
Nota general Incluye índice de nombres y de materias.
505 0# - NOTA DE CONTENIDO
Título Introducción de la imprenta --
-- Impresos dominicanos más antiguos --
-- El impresor Blocquerst --
-- Boletín de Santo Domingo, 1807 --
-- Comienzos de la libertad de imprenta en Santo Domingo --
-- El Telégrafo Constitucional de Santo Domingo --
-- El Duende --
Información miscelánea El Telégrafo Constitucional de Santo Domingo --
Título Ediciones, 1821 --
Información miscelánea El duende --
Título Ediciones, 1821 --
Información miscelánea Apéndices --
Título Novena de la Altagracia --
-- Circular sobre libertad de imprenta, 1810 --
-- N. Ureña, historia de El Duende --
-- Índice de nombres y materias.
533 ## - NOTA DE REPRODUCCIÓN
Tipo de producción Reproducción de:
Lugar de reproducción Ciudad Trujillo, República Dominicana :
Agencia responsable de la reproducción Imprenta San Francisco,
Fecha de reproducción 1944
590 ## - NOTA LOCAL
Enlace Inventariado, 2022/VM
650 #4 - ENCABEZAMIENTO DE MATERIA--TEMÁTICO
Término temático o nombre geográfico como elemento de entrada Imprenta
Subdivisión geográfica República Dominicana
Subdivisión temática general Historia
650 #4 - ENCABEZAMIENTO DE MATERIA--TEMÁTICO
Término temático o nombre geográfico como elemento de entrada Prensa
Subdivisión geográfica República Dominicana
Subdivisión temática general Historia
650 #4 - ENCABEZAMIENTO DE MATERIA--TEMÁTICO
Término temático o nombre geográfico como elemento de entrada Diarios dominicanos
Subdivisión temática general Historia
700 1# - ASIENTO SECUNDARIO -- NOMBRE PERSONAL
Nombre personal Guerrero Báez, Anaiboni
910 ## - VALIDACIÓN
Validación VMateo V./Validado. Control de calidad BNPHU
942 ## - ADDED ENTRY ELEMENTS (KOHA)
Source of classification or shelving scheme Dewey Decimal Classification
Koha item type Libros
Existencias
Withdrawn status Lost status Source of classification or shelving scheme Damaged status Not for loan Collection code Home library Current library Date acquired Full call number Barcode Date last seen Price effective from Koha item type
    Dewey Decimal Classification     Colección Dominicana Biblioteca Pública Metropolitana Salomé Ureña Biblioteca Pública Metropolitana Salomé Ureña 07/27/2015 BPMSU CD 079.97293 R696i 1973 BPMSU15070375 07/27/2015 07/27/2015 Libros